000 01188nam0a22002651 4500
001 rc\4630078
005 20130416200410.2
035 _a(NLR Aleph) 008404104
090 _a9254653
_c9254653
100 _a20130416d1967 |||y0rusy50 ca
101 0 _arus
102 _aRU
105 _ay z |||||
200 1 _aСлужба вневедомственной охраны при органах милиции
_eУчеб. пособие для учеб. пунктов МООП-УООП
_fПод ред. канд. юрид. наук Ф.С. Разаренова
_gУпр. учеб. заведений М-ва охраны обществ. порядка СССР. Учеб.-метод. кабинет
210 _aМосква
_cБ. и.
_d1967
215 _a26 с.
_d22
300 _aПеред загл. авт.: подполк. милиции Г.М. Сергеев
333 _aДля служебного пользования. Экз. № 2498
700 1 _aСергеев
_bГ. М.
_gГеоргий Максимович
702 1 _aРазаренов
_bФ. С.
_4340
801 0 _aRU
_bNLR
_gpsbo
801 1 _aRU
_bELAR
_2rusmarc
852 _aNLR
_j50К/8664
942 _cBOOK
980 _aNB